Patrones de concentración geografica óptima de la fuerza de trabajo: un análisis teórico bajo modos distintos de producción

Saved in:
Bibliographic Details
Main Author: Conroy, Michael E.
Format: Text
Published: San José :
Tags: Add Tag
No Tags, Be the first to tag this record!

MARC

LEADER 00000 a a2200000 04500
001 15823
003
040
090 |a 015900  
100 |a Conroy, Michael E.  
245 |a Patrones de concentración geografica óptima de la fuerza de trabajo: un análisis teórico bajo modos distintos de producción  
260 |a San José :  
300 |a 28 p.  
999 |c 1178  |d 1178